| 000 | 00485nam a2200169 a 4500 | ||
|---|---|---|---|
| 005 | 20140310183302.0 | ||
| 008 | 050704s19uu xx 00 eng d | ||
| 020 | _a1-59139-780-4 | ||
| 050 |
_aHD 57.7 _b.R47 2005 |
||
| 245 |
_aThe results-driven manager: _bbecoming an effective leader. / |
||
| 260 |
_aBoston : _bHarvard Business School Press, _c2005. |
||
| 300 |
_a201 p. : _bill. ; _c23 cm. |
||
| 521 | _aBSBA | ||
| 650 | _aLeadership. | ||
| 942 |
_cBK _2lcc _kFOR |
||
| 999 |
_c21019 _d21019 |
||